RFLP linkage map genome analysis of Saccharum spontaneum (Record no. 67010)

MARC details
000 -LEADER
fixed length control field 00368nam a2200145Ia 4500
100 ## - MAIN ENTRY--AUTHOR NAME
Personal name Da Silva Jorge A G
245 #0 - TITLE STATEMENT
Title RFLP linkage map genome analysis of Saccharum spontaneum
260 ## - PUBLICATION, DISTRIBUTION, ETC. (IMPRINT)
Name of publisher Genome
Year of publication 1993
300 ## - PHYSICAL DESCRIPTION
Number of Pages 782-91
650 ## - SUBJECT ADDED ENTRY--TOPICAL TERM
Topical Term Polyploids
650 ## - SUBJECT ADDED ENTRY--TOPICAL TERM
Topical Term RFLP
650 ## - SUBJECT ADDED ENTRY--TOPICAL TERM
Topical Term Sugarcane
942 ## - ADDED ENTRY ELEMENTS (KOHA)
Koha item type Journals
Holdings
Withdrawn status Lost status Damaged status Not for loan Home library Current library Shelving location Date acquired Serial Enumeration / chronology Koha item type
      Journals RRII Library RRII Library RFLP 17/12/2021 Volume 36, Issue 4 Journals